| 000 | 00484nam a22001937a 4500 | ||
|---|---|---|---|
| 003 | OSt | ||
| 008 | 250426b |||||||| |||| 00| 0 eng d | ||
| 020 | _a9789384266998 | ||
| 082 | _a612 ARH | ||
| 100 | _aArora, Namita | ||
| 245 | _aHuman Anatomy and Physiology-II | ||
| 260 |
_aDelhi _bBirla Pub. _c2024 |
||
| 300 | _aviii,203 | ||
| 650 | _aHuman Anatomy and Physiology-II | ||
| 700 | _aArora, Pankaj | ||
| 700 | _aSharma, Amit | ||
| 700 | _asharma, Shurbhi | ||
| 942 |
_2ddc _cBK |
||
| 999 |
_c13452 _d13452 |
||